000 00940nam a22001337a 4500
040 _cRUA
082 _aLMA SOT 2024 B1-398 Or.1
100 _aសុធា វិរិទ្ធ SOTHEA VIRETH
245 _aសិក្សាអំពីស្ថានភាពនៃការកាន់កាប់ដីព្រៃក្នុងតំបន់ការពារស្ថិតក្រោមដែនសមត្ថកិច្ចរបស់មន្ទីរបរិស្ថានស្ថិតនៅស្រុកកំពង់សីលា ខេត្តព្រះសីហនុ​​ STUDY ON THE SITUATION OF FOREST LAND OCCUPATMENT AREA UNDER THE JURISDICTION OF THE DEPARTMENT OF EVIROMENT IN KAMPONG SEILA DISTRICT, PREAH SIHAKOUK PROVINCE
260 _aRUA
_bPHNOM PENH
_c2024
300 _aix
_bill
_c29cm
856 _uhttps://drive.google.com/file/d/1h6WC99zCBb264WsuKaM1r74YT59foemF/view?usp=sharing
942 _cLMA
999 _c24909
_d24909